El comercio y el poder en México 1821-1864 : (Record no. 67100)
[ view plain ]
| 000 -LEADER | |
|---|---|
| fixed length control field | 00891nam a22002177a 4500 |
| 005 - DATE AND TIME OF LATEST TRANSACTION | |
| control field | 20241206114803.0 |
| 008 - FIXED-LENGTH DATA ELEMENTS--GENERAL INFORMATION | |
| fixed length control field | 241206b mx ||||| |||| 00| 0 spa d |
| 020 ## - INTERNATIONAL STANDARD BOOK NUMBER | |
| International Standard Book Number | 9681648048 |
| 050 00 - LIBRARY OF CONGRESS CALL NUMBER | |
| Classification number | HF3236 |
| Item number | I23 1998 |
| 100 1# - MAIN ENTRY--PERSONAL NAME | |
| Personal name | Ibarra Bellon, Araceli |
| 245 13 - TITLE STATEMENT | |
| Title | El comercio y el poder en México 1821-1864 : |
| Remainder of title | La lucha por las fuentes financieras entre estado central y las regiones / |
| Statement of responsibility, etc | Araceli Ibarra Bellon. |
| 250 ## - EDITION STATEMENT | |
| Edition statement | 1a ed. |
| 260 ## - PUBLICATION, DISTRIBUTION, ETC. (IMPRINT) | |
| Place of publication, distribution, etc | México : |
| Name of publisher, distributor, etc | Fondo de Cultura Económica ; |
| Place of publication, distribution, etc | Guadalajara, Jal. : |
| Name of publisher, distributor, etc | Universidad de Gudalajara, |
| Date of publication, distribution, etc | 1998. |
| 300 ## - PHYSICAL DESCRIPTION | |
| Extent | 622 p. ; |
| Dimensions | 23 cm. |
| 490 #0 - SERIES STATEMENT | |
| Series statement | Sección de obras de historia |
| 651 #7 - SUBJECT ADDED ENTRY--GEOGRAPHIC NAME | |
| Source of heading or term | lemb |
| Geographic name | México |
| General subdivision | Política comercial |
| 651 #7 - SUBJECT ADDED ENTRY--GEOGRAPHIC NAME | |
| Source of heading or term | lemb |
| Geographic name | México |
| General subdivision | Comercio |
| 651 #7 - SUBJECT ADDED ENTRY--GEOGRAPHIC NAME | |
| Source of heading or term | lemb |
| Geographic name | México |
| General subdivision | Relaciones económicas extranjeras |
| 651 #7 - SUBJECT ADDED ENTRY--GEOGRAPHIC NAME | |
| Source of heading or term | lemb |
| Geographic name | México |
| General subdivision | Historia |
| Chronological subdivision | Federalismo y centralismo, |
| -- | 1824-1853 |
| 942 ## - ADDED ENTRY ELEMENTS (KOHA) | |
| Source of classification or shelving scheme | Biblioteca del Cogreso de los Estados Unidos |
| Koha item type | Libro |
| Estado de pérdida | Fuente de clasificación | Estado del daño | No para préstamo | Ubicación permanente | Ubicación actual | Apartado o colección | Fecha de adquisición | Edición | Dependencia de educación superior (DES) | Área del conocimiento | Clasificación | Código de Barras | Date last seen | Número de copia | Costo por reposición | Tipo de recurso |
|---|---|---|---|---|---|---|---|---|---|---|---|---|---|---|---|---|
| Biblioteca del Cogreso de los Estados Unidos | Biblioteca del Instituto de Investigaciones Históricas | Biblioteca del Instituto de Investigaciones Históricas | General | 06/12/2024 | 1a ed. | Humanidades | Ciencias Sociales y Administrativas | HF3236 I23 1998 | IIH000025896 | 31/08/2018 | 1 | 200.00 | Libro | |||
| Biblioteca del Cogreso de los Estados Unidos | Biblioteca del Instituto de Investigaciones Históricas | Biblioteca del Instituto de Investigaciones Históricas | General | 06/12/2024 | 1a ed. | Humanidades | Ciencias Sociales y Administrativas | HF3236 I23 1998 | IIH000025897 | 31/08/2018 | 2 | 1.00 | Libro | |||
| Biblioteca del Cogreso de los Estados Unidos | Biblioteca del Instituto de Investigaciones Históricas | Biblioteca del Instituto de Investigaciones Históricas | General | 06/12/2024 | 1a ed. | Humanidades | Ciencias Sociales y Administrativas | HF3236 I23 1998 | IIH000025898 | 31/08/2018 | 3 | 200.00 | Libro |